The Gower handbook of management / edited by Dennis Lock. (Record no. 175992)
[ view plain ]
| 000 -LEADER | |
|---|---|
| fixed length control field | 00920 a2200229 4500 |
| 003 - CONTROL NUMBER IDENTIFIER | |
| control field | Nust |
| 005 - DATE AND TIME OF LATEST TRANSACTION | |
| control field | 20230118135332.0 |
| 010 ## - LIBRARY OF CONGRESS CONTROL NUMBER | |
| LC control number | 97032768 |
| 020 ## - INTERNATIONAL STANDARD BOOK NUMBER | |
| International Standard Book Number | 0566079380 |
| 040 ## - CATALOGING SOURCE | |
| Transcribing agency | Nust |
| 082 00 - DEWEY DECIMAL CLASSIFICATION NUMBER | |
| Classification number | 658,HAN |
| 245 04 - TITLE STATEMENT | |
| Title | The Gower handbook of management / edited by Dennis Lock. |
| 246 30 - VARYING FORM OF TITLE | |
| Title proper/short title | Handbook of management |
| 250 ## - EDITION STATEMENT | |
| Edition statement | 4th ed. |
| 260 ## - PUBLICATION, DISTRIBUTION, ETC. | |
| Place of publication, distribution, etc. | Aldershot, Hampshire, England ; |
| -- | Brookfield, Vt., USA : |
| Name of publisher, distributor, etc. | Gower, |
| Date of publication, distribution, etc. | c1998. |
| 300 ## - PHYSICAL DESCRIPTION | |
| Extent | xli, 1253 p. : |
| Other physical details | ill. ; |
| Dimensions | 25 cm. |
| 505 ## - FORMATTED CONTENTS NOTE | |
| Formatted contents note | General Management (Page-3), Financial Management (Page-225), Marketing And Selling (Page-327), Operations Management (Page-579), Materials And Bought-Out Services (Page-783).Administration (Page-869), Human Resources Management (Page-1009), The Personal Skills Of Management (Page-1131). |
| 650 #0 - SUBJECT ADDED ENTRY--TOPICAL TERM | |
| Topical term or geographic name entry element | Management. |
| 700 1# - ADDED ENTRY--PERSONAL NAME | |
| Personal name | Lock, Dennis. |
| 9 (RLIN) | 42609 |
| 710 2# - ADDED ENTRY--CORPORATE NAME | |
| Corporate name or jurisdiction name as entry element | Gower Publishing Company. |
| 9 (RLIN) | 106998 |
| 942 ## - ADDED ENTRY ELEMENTS (KOHA) | |
| Koha item type | Reference |
| Source of classification or shelving scheme | |
| Withdrawn status | Lost status | Source of classification or shelving scheme | Damaged status | Not for loan | Permanent Location | Current Location | Shelving location | Date acquired | Full call number | Barcode | Date last seen | Price effective from | Koha item type | Public note |
|---|---|---|---|---|---|---|---|---|---|---|---|---|---|---|
| Military College of Signals (MCS) | Military College of Signals (MCS) | General Stacks | 12/12/2016 | 658,HAN | MCS27158 | 12/08/2016 | 12/12/2016 | Book | Almirah No.42, Shelf No.4 |
